000
00292nam a2200109Ia 4500
001
1275902
005
20260417160437.0
008
260417s9999 xx 000 0 und d
020
_a
9786257303231
245
0
_a
Yıldızlar Neden Kafamıza Düşmez?
_c
Federico Taddia
260
_b
Ketebe Çocuk
999
_c
1275902
_d
1275902